Loading...
| Social Science | 0 | 10 | 0 | 2 | 100 | 15 | 76.20 | 3 | 8 | 0.00 | 0.00 |
| History - World | 0 | 9 | 1 | 0 | 85 | 55 | 80.33 | 3 | 7 | 0.00 | 0.00 |
| History - American | 0 | 7 | 0 | 1 | 70 | 43 | 93.00 | 3 | 3 | 0.00 | 0.00 |
| Science - Other | 0 | 5 | 0 | 1 | 50 | 28 | 83.40 | 3 | 4 | 0.00 | 0.00 |
| Philosophy | 0 | 5 | 0 | 0 | 50 | 76 | 109.60 | 1 | 3 | 0.00 | 0.00 |
| Fine Arts - Classical Music | 0 | 4 | 0 | 0 | 40 | 94 | 106.00 | 1 | 3 | 0.00 | 0.00 |
| Religion | 0 | 5 | 2 | 0 | 40 | 16 | 71.00 | 3 | 4 | 0.00 | 0.00 |
| History - Other | 0 | 4 | 1 | 0 | 35 | 49 | 64.75 | 3 | 4 | 0.00 | 0.00 |
| Other | 0 | 5 | 3 | 0 | 35 | 23 | 36.20 | 2 | 5 | 0.00 | 0.00 |
| History - European | 0 | 3 | 0 | 1 | 30 | 87 | 109.67 | 1 | 2 | 0.00 | 0.00 |
| Literature - British | 0 | 3 | 0 | 0 | 30 | 112 | 124.67 | 0 | 1 | 0.00 | 0.00 |
| Literature - American | 0 | 3 | 0 | 0 | 30 | 68 | 106.33 | 0 | 2 | 0.00 | 0.00 |
| Literature - European | 0 | 1 | 0 | 1 | 10 | 153 | 153.00 | 0 | 1 | 0.00 | 0.00 |
| Fine Arts - Other | 0 | 1 | 0 | 0 | 10 | 65 | 65.00 | 0 | 1 | 0.00 | 0.00 |
| Science - Biology | 0 | 1 | 0 | 0 | 10 | 37 | 37.00 | 1 | 1 | 0.00 | 0.00 |
| Fine Arts - Painting & Sculpture | 0 | 1 | 0 | 0 | 10 | 117 | 117.00 | 0 | 0 | 0.00 | 0.00 |
| Mythology | 0 | 0 | 1 | 0 | -5 | 0.00 | 0 | 0 | 0.00 | 0.00 |